| Tag |
First Indicator |
Second Indicator |
Subfields |
| LEADER |
00000cam a2200000 a 4500 |
| 001 |
in00002394820 |
| 005 |
20210305141731.0 |
| 007 |
ta |
| 008 |
071210s2008 nyu 000 e eng |
| 010 |
|
|
|a 2007049021
|
| 035 |
|
|
|a (OCoLC)ocn183392234
|
| 040 |
|
|
|a DLC
|b eng
|c DLC
|d BAKER
|d YDXCP
|d UPZ
|d ZS3
|d C#P
|d VP@
|d BWX
|d LMR
|d MOF
|d IXA
|d TQR
|d SMP
|d CQU
|d JCL
|d BDX
|d OCLCF
|d HLNDP
|d OCLCO
|d OCL
|d OVY
|d OCLCQ
|d O2C
|d NZQQP
|d GRR
|d OCLCO
|d CVM
|d OCL
|d SFR
|d NQZ
|d OCLCQ
|d MWB
|d OCLCQ
|d TFH
|d NLC
|d T7F
|d GRC
|d OCLCO
|d USSAE
|d KJ6
|d OCLCQ
|d OCLCO
|d CNO
|d MIH
|d BRL
|d QNC
|d INT
|d OCLCQ
|d OCLCO
|d TOF
|d OCLCQ
|d T7R
|d CPS
|d OCLCO
|d LKC
|d OCLCQ
|d OCLCO
|d BDP
|d NZAUC
|d OCLCO
|d CNCLB
|d OCLCA
|d OCL
|d IL4J6
|d OCLCO
|d TXA
|
| 016 |
|
|
|a (AMICUS)000033820266
|
| 019 |
|
|
|a 1029318773
|a 1043450541
|
| 020 |
|
|
|a 9780316143479
|
| 020 |
|
|
|a 0316143472
|
| 020 |
|
|
|a 9780316026680
|
| 020 |
|
|
|a 0316026689
|
| 020 |
|
|
|a 9781408700921
|
| 020 |
|
|
|a 1408700921
|
| 020 |
|
|
|a 9780316024594
|
| 020 |
|
|
|a 0316024597
|
| 020 |
|
|
|a 9780316154680
|
| 020 |
|
|
|a 0316154687
|
| 024 |
3 |
|
|a 9780316143479
|d 52599
|
| 035 |
|
|
|a (OCoLC)183392234
|z (OCoLC)1029318773
|z (OCoLC)1043450541
|
| 037 |
|
|
|b Little Brown & Co, 3 Center Plaza 3rd Floor, Boston, MA, USA, 02108-2003, (617)2270730
|n SAN 200-2205
|
| 043 |
|
|
|a n-us---
|
| 050 |
0 |
0 |
|a PS3569.E314
|b W48 2008
|
| 055 |
|
4 |
|a PS3569 E314
|
| 060 |
|
4 |
|a 814.54 S447w
|
| 082 |
0 |
0 |
|a 814/.54
|2 22
|
| 084 |
|
|
|a I712.45
|2 clc
|
| 049 |
|
|
|a TXAM
|
| 100 |
1 |
|
|a Sedaris, David,
|e author.
|
| 245 |
1 |
0 |
|a When you are engulfed in flames /
|c David Sedaris.
|
| 250 |
|
|
|a First edition.
|
| 264 |
|
1 |
|a New York :
|b Little, Brown and Company,
|c 2008.
|
| 300 |
|
|
|a viii, 323 pages ;
|c 22 cm.
|
| 336 |
|
|
|a text
|b txt
|2 rdacontent
|
| 337 |
|
|
|a unmediated
|b n
|2 rdamedia
|
| 338 |
|
|
|a volume
|b nc
|2 rdacarrier
|
| 505 |
0 |
|
|a It's catching -- Keeping up -- The understudy -- This old house -- Buddy, can you spare a tie? -- Road trips -- What I learned -- That's amore -- The monster mash -- In the waiting room -- Solution to Saturday's puzzle -- Adult figures charging toward a concrete toadstool -- Memento mori -- All the beauty you will ever need -- Town and country -- Aerial -- The man in the hut -- Of mice and men -- April in Paris -- Crybaby -- Old Faithful -- The smoking section.
|
| 520 |
|
|
|a Once again, David Sedaris brings together a collection of essays so uproariously funny and profoundly moving that his legions of fans will fall for him once more. He tests the limits of love when Hugh lances a boil from his backside, and pushes the boundaries of laziness when, finding the water shut off in his house in Normandy, he looks to the water in a vase of fresh cut flowers to fill the coffee machine. From armoring the windows with LP covers to protect the house from neurotic songbirds to the awkwardness of having a lozenge fall from your mouth into the lap of a sleeping fellow passenger on a plane, David Sedaris uses life's most bizarre moments to reach new heights in understanding love and fear, family and strangers. Culminating in a brilliantly funny account of his venture to Tokyo in order to quit smoking, David Sedaris's sixth essay collection will be avidly anticipated.--From publisher description.
|
| 500 |
|
|
|a The Cushing Library/Women & Gender Studies copy was acquired as part of The Don Kelly Research Collection of Gay Literature and Culture.
|5 TXA
|
| 651 |
|
0 |
|a United States
|x Social life and customs
|y 21st century.
|
| 650 |
|
0 |
|a American essays
|y 21st century.
|
| 600 |
1 |
7 |
|a Sedaris, David.
|2 fast
|0 (OCoLC)fst00335537
|
| 650 |
|
7 |
|a American essays.
|2 fast
|0 (OCoLC)fst00807040
|
| 650 |
|
7 |
|a Manners and customs.
|2 fast
|0 (OCoLC)fst01007815
|
| 651 |
|
7 |
|a United States.
|2 fast
|0 (OCoLC)fst01204155
|
| 600 |
1 |
7 |
|a Sedaris, David.
|2 nli
|
| 650 |
|
7 |
|a Humorous stories, American.
|2 nli
|
| 650 |
|
7 |
|a American essays.
|2 nli
|
| 651 |
|
7 |
|a United States
|x Social life and customs
|y 21st century.
|2 nli
|
| 650 |
|
7 |
|a American essays.
|2 sears
|
| 655 |
|
7 |
|a Essays.
|2 lcgft
|
| 655 |
|
4 |
|a Humorous stories.
|
| 655 |
|
7 |
|a Essays.
|2 fast
|0 (OCoLC)fst01919922
|
| 948 |
|
|
|a cataloged
|b h
|c 2008/6/25
|d c
|e ceaton
|f 9:18:30 am
|
| 994 |
|
|
|a C0
|b TXA
|
| 948 |
|
|
|a updated
|b h
|c 2021/3/5
|d c
|e nbehmer
|f 2:17:04 pm
|
| 999 |
f |
f |
|s 9bd29bb6-a474-3ce8-8964-e6b37e22bd41
|i 615be7c0-e193-3d3d-9111-467e8c09304d
|t 0
|
| 952 |
f |
f |
|p normal
|a Texas A&M University
|b College Station
|c Sterling C. Evans Library
|s Evans stk
|d Evans: Library Stacks
|t 0
|e PS3569.E314 W48 2008
|h Library of Congress classification
|i unmediated -- volume
|m A14837249886
|
| 952 |
f |
f |
|p normal
|a Texas A&M University
|b College Station
|c Sterling C. Evans Library
|s Evans stk
|d Evans: Library Stacks
|t 0
|e PS3569.E314 W48 2008
|h Library of Congress classification
|i unmediated -- volume
|m A14836818250
|
| 998 |
f |
f |
|a PS3569.E314 W48 2008
|t 0
|l Evans: Library Stacks
|
| 998 |
f |
f |
|a PS3569.E314 W48 2008
|t 0
|l Evans: Library Stacks
|